G2京沪高速公路途经的地级和县级行政区 - 地图版 - Statistics

General Stats
  • This quiz has been taken 81 times
  • The average score is 45 of 68
Answers on the Map
Answers color-coded by a green-red scale on the quiz's map according to % correct below.
 
Answer Stats
县级行政区 % Correct
大兴区
89%
朝阳区
88%
丰台区
88%
通州区
83%
淮安区
83%
昆山市
83%
廊坊市
83%
淮安市
83%
沧州市
81%
济南市
81%
江阴市
80%
嘉定区
80%
临沂市
80%
姑苏区
78%
吴中区
78%
德州市
78%
泰安市
78%
无锡市
78%
苏州市
78%
相城区
77%
徐州市
77%
宿迁市
77%
虎丘区
75%
泰州市
75%
扬州市
73%
武清区
72%
淮阴区
72%
泰兴市
72%
锡山区
70%
静海区
69%
新沂市
69%
高邮市
69%
新吴区
67%
青浦区
67%
莱芜区
66%
靖江市
66%
闵行区
66%
普陀区
66%
西青区
64%
江都区
64%
惠山区
64%
广阳区
63%
钢城区
61%
沭阳县
61%
宝应县
61%
历城区
59%
沧县
58%
清江浦区
58%
高港区
58%
青县
55%
章丘区
53%
新泰市
53%
涟水县
52%
运河区
50%
南皮县
50%
沂南县
50%
兰山区
50%
郯城县
50%
新华区
48%
盐山县
48%
商河县
48%
济阳区
48%
兰陵县
48%
蒙阴县
47%
孟村回族自治县
44%
乐陵市
42%
罗庄区
42%
临邑县
39%
No matching quizzes found
Score Distribution
Percent of People with Each Score
Percentile by Number Answered
Your Score History
You have not taken this quiz